Statistics for Countries Closest to Malawi

Click here to take the quiz!

General Stats

  • This quiz has been taken 726 times
  • The average score is 18 of 20

Answer Stats

kmcountrymiles% Correct
707South Africa439
98%
292Dem Rep Congo182
95%
795Kenya494
95%
0Mozambique0
95%
0Tanzania0
95%
0Zambia0
95%
162Zimbabwe101
94%
1433Lesotho890
93%
919Namibia571
93%
815Rwanda506
93%
1028Eswatini639
91%
942Uganda585
91%
936Angola582
90%
652Burundi405
89%
879Madagascar546
89%
820Botswana510
88%
1232Somalia766
87%
1551Ethiopia964
84%
1434South Sudan891
81%
859Comoros534
79%

Score Distribution

Percentile by Number Answered

Percent of People with Each Score

Your Score History

You have not taken this quiz